000 00940nam a2200253 i 4500
001 188577
003 ES-MaACL
005 20250818131153.0
007 t|
008 181221s1979 sp bf 00110dspa d
100 1 _aNieto, Felipe,
_d1948-
_9155715
245 1 0 _aLos Borbones del siglo XVIII /
_cFelipe Nieto, Gabino Mendoza.
260 _a[Madrid] :
_bCírculo de Amigos de la Historia,
_c[1979]
300 _a283 p., [16] p. de lám. :
_bmapas ;
_c21 cm.
490 1 _aHistoria de España [dirigida por Florentino Pérez-Embid] ;
_v12
504 _aBibliografía: p. [279]-283.
651 4 _aEspaña-
_xHistoria-
_y1700-, Casa de Borbón.
_9139051
700 1 _aPérez-Embid, Florentino,
_d1918-1974
_990840
700 1 _aMendoza, Gabino.
_980249
700 2 _a
_9241921
830 1 _aHistoria de España [dirigida por Florentino Pérez-Embid] ;
_v12
_9184626
852 _aES-MaACL
_jP-177-9
999 _c188577
_d188577